| 000 | 01328nam a22003497a 4500 | ||
|---|---|---|---|
| 001 | 2017 | ||
| 003 | FISKH | ||
| 005 | 20231027161835.0 | ||
| 008 | 120309s2012 enka j 000|0 eng|d | ||
| 015 |
_aGBB227079 _2bnb |
||
| 016 | 7 |
_a016050128 _2Uk |
|
| 020 | _a9780312514860 | ||
| 020 | _a0312514867 | ||
| 040 |
_aStDuBDS _beng _cStDuBDS _dUk |
||
| 082 | 0 | 4 |
_a513.211 _223 |
| 100 | _aPriddy, Roger | ||
| 245 | 0 | 0 | _aFuzzy Bee 123 / |
| 260 |
_aNew York : _bPriddy, _c2012. |
||
| 300 |
_a10 unnumbered pages : _bcolor illustrations; _c22 cm |
||
| 490 | _aLook out for the snail in this book! | ||
| 500 | _aBoard book. | ||
| 500 | _aLift-the-flap book. | ||
| 505 | _aB | ||
| 520 | _aInteractive touch-and-feel board books for babies and toddlers. Fuzzy Bee 123 introduces first numbers using bright illustrations of friendly insects, including 2 butterflies and 4 spotty ladybugs. Broad range of high quality, interactive novelties to play with, as well as different touch-and-feel textures to explore. Fabric tabs on the page edges add to the tactile experience. | ||
| 521 | 1 |
_a40
_bLexile estimate |
|
| 521 |
_aB
_bRaz-Plus |
||
| 650 | 0 |
_aCounting _vPictorial works _vJuvenile literature. |
|
| 650 | 0 | _aBoard books. | |
| 650 | 0 | _aLift-the-flap books. | |
| 650 | 0 | _aTextured books. | |
| 942 |
_2ddc _cBK _n0 |
||
| 999 |
_c2017 _d2017 |
||